[Event "27. ekipno prvenstvo RH"]
[Site "Biograd na Moru"]
[Date "2018.09.13"]
[Round "6.43"]
[White "Markus, Robert"]
[Black "Lalic, Bogdan"]
[Result "1/2-1/2"]
[WhiteElo "2613"]
[BlackElo "2403"]
[PlyCount "89"]
[EventDate "2018.??.??"]

1. d4 Nf6 2. c4 e6 3. Nf3 d5 4. g3 Be7 5. Bg2 O-O 6. O-O dxc4 7. Qc2 a6 8. Qxc4
b5 9. Qc2 Bb7 10. Bd2 Ra7 11. a4 Be4 12. Qc1 b4 13. Bg5 Nbd7 14. Nbd2 Bd5 15.
Qc2 c5 16. Rac1 cxd4 17. Nxd4 Bxg2 18. Kxg2 Nc5 19. Bxf6 Bxf6 20. N4f3 Rc7 21.
Nb3 Nxb3 22. Qxb3 Qc8 23. Rxc7 Qxc7 24. Qxb4 Qc2 25. e3 Qxb2 26. Qxb2 Bxb2 27.
Rb1 Bf6 28. Rb7 a5 29. Nd2 Bc3 30. Nc4 g6 31. g4 f5 32. g5 Rc8 33. Nb6 Rc6 34.
Kf3 Bg7 35. Rb8+ Kf7 36. Rb7+ Kg8 37. Kg2 Rc2 38. Ra7 Rb2 39. Nd7 Bc3 40. Kf1
Ra2 41. Nc5 e5 42. Ra8+ Kf7 43. Ra7+ Kg8 44. Ra8+ Kf7 45. Ra7+ 1/2-1/2

[Event "27. ekipno prvenstvo RH"]
[Site "Biograd na Moru"]
[Date "2018.09.13"]
[Round "6.44"]
[White "Plenkovic, Zdenko"]
[Black "Kuljasevic, Davorin"]
[Result "0-1"]
[WhiteElo "2418"]
[BlackElo "2548"]
[PlyCount "110"]
[EventDate "2018.??.??"]

1. e4 e5 2. Nf3 Nc6 3. Bb5 a6 4. Be2 Nf6 5. Nc3 d5 6. exd5 Nxd5 7. d3 Be7 8.
O-O O-O 9. Re1 Re8 10. Bf1 Bb4 11. Bd2 Bg4 12. h3 Bh5 13. a3 Nxc3 14. bxc3 Bc5
15. g4 Bg6 16. Ng5 Bb6 17. Bg2 f6 18. Ne4 Rb8 19. Qf3 Rf8 20. Ng3 Ne7 21. Be3
Bxe3 22. fxe3 Bf7 23. Rab1 Bd5 24. Ne4 b6 25. Rf1 Kh8 26. c4 Be6 27. Qg3 Qd7
28. Rf2 Ng6 29. Rbf1 Rbe8 30. Rf3 Kg8 31. Nf2 Qd6 32. h4 e4 33. Nxe4 Qxg3 34.
Rxg3 Nxh4 35. Bh1 h6 36. Nc3 Ng6 37. Bc6 Rd8 38. Bd5 Bxd5 39. Nxd5 Rd7 40. Kf2
Ne5 41. e4 b5 42. c5 Re8 43. a4 c6 44. Nb6 Rdd8 45. Ke3 Nf7 46. Rgg1 Ng5 47.
axb5 axb5 48. c4 Ne6 49. Rf5 b4 50. Rb1 Nd4 51. Rf2 b3 52. Nd5 cxd5 53. Kxd4
dxe4+ 54. Kc3 Rxd3+ 55. Kb4 Rb8+ 0-1

[Event "27. ekipno prvenstvo RH"]
[Site "Biograd na Moru"]
[Date "2018.09.13"]
[Round "6.45"]
[White "Plenca, Jadranko"]
[Black "Loncar, Robert"]
[Result "1/2-1/2"]
[WhiteElo "2477"]
[BlackElo "2409"]
[PlyCount "43"]
[EventDate "2018.??.??"]

1. e4 e5 2. Nf3 Nc6 3. Bb5 a6 4. Ba4 Nf6 5. d3 d6 6. c4 g6 7. Nc3 Bg7 8. Nd5 h6
9. Nb4 Bd7 10. Nxc6 bxc6 11. c5 O-O 12. O-O Re8 13. Re1 d5 14. Bd2 a5 15. h3
Kh7 16. a3 Ra6 17. b4 axb4 18. axb4 Qa8 19. Bc3 d4 20. Bd2 Nh5 21. Bb3 Be6 22.
Bxe6 1/2-1/2

[Event "27. ekipno prvenstvo RH"]
[Site "Biograd na Moru"]
[Date "2018.09.13"]
[Round "6.46"]
[White "Sale, Srdjan"]
[Black "Jovanic, Ognjen"]
[Result "1-0"]
[WhiteElo "2428"]
[BlackElo "2512"]
[PlyCount "79"]
[EventDate "2018.??.??"]

1. e4 c5 2. Nf3 e6 3. d3 Nc6 4. g3 Nf6 5. Bg2 d5 6. Nbd2 Be7 7. O-O Qc7 8. Re1
b6 9. a3 Bb7 10. c3 O-O 11. e5 Nd7 12. Qe2 b5 13. Nf1 d4 14. cxd4 cxd4 15. Bf4
b4 16. axb4 Nxb4 17. Rec1 Nc5 18. Bd2 a5 19. Bxb4 axb4 20. Rxa8 Rxa8 21. Nxd4
Bxg2 22. Kxg2 Qb7+ 23. Kh3 Ra2 24. Ne3 Qd7 25. Rc4 b3 26. Nd1 g6 27. Nc3 Ra1
28. Ne4 Nxe4 29. Qxe4 Ra2 30. Qe2 Ba3 31. Qf3 Bxb2 32. Nc6 Ba3 33. Rd4 Qxd4 34.
Nxd4 b2 35. Qa8+ Kg7 36. Qb7 Kh6 37. Qxf7 b1=Q 38. Nxe6 Qf1+ 39. Kh4 g5+ 40.
Nxg5 1-0

[Event "27. ekipno prvenstvo RH"]
[Site "Biograd na Moru"]
[Date "2018.09.13"]
[Round "6.52"]
[White "Bogut, Zeljko"]
[Black "Georgiev, Kiril"]
[Result "0-1"]
[WhiteElo "2415"]
[BlackElo "2590"]
[PlyCount "117"]
[EventDate "2018.??.??"]

1. e4 e5 2. Nf3 Nc6 3. Bb5 a6 4. Ba4 Nf6 5. Qe2 b5 6. Bb3 Be7 7. O-O O-O 8. d3
d6 9. c3 Na5 10. Bc2 c5 11. Rd1 Re8 12. Nbd2 Bf8 13. Nf1 h6 14. Ne3 Nc6 15. a3
d5 16. a4 Rb8 17. axb5 axb5 18. Bb3 d4 19. Nd5 Be6 20. Nxf6+ Qxf6 21. Bd5 Rb6
22. Bxe6 Qxe6 23. cxd4 exd4 24. Nd2 Nb4 25. b3 Nd5 26. Qf1 Nc3 27. Re1 Ra6 28.
Bb2 Rea8 29. Rac1 Ra2 30. Rc2 c4 31. bxc4 Ba3 32. Rxc3 dxc3 33. Bxc3 b4 34. Ra1
bxc3 35. Rxa2 cxd2 36. Rxd2 Bb4 37. Rd1 Qe5 38. Qe2 Bc3 39. g3 Rb8 40. Rc1 Bd4
41. Kg2 g6 42. Rc2 Kg7 43. h4 h5 44. Ra2 Rb3 45. Qd1 Rb6 46. Qd2 Qe7 47. Qg5
Qxg5 48. hxg5 Rb3 49. Rd2 Kf8 50. f4 Be3 51. Rd1 Rb2+ 52. Kf3 Bd4 53. e5 Rb7
54. Rd2 Ke7 55. Ke4 Rd7 56. Kf3 Bc5 57. g4 hxg4+ 58. Kxg4 Be3 59. f5 0-1

[Event "27. ekipno prvenstvo RH"]
[Site "Biograd na Moru"]
[Date "2018.09.13"]
[Round "6.53"]
[White "Muse, Drazen"]
[Black "Galic, Ivan"]
[Result "1/2-1/2"]
[WhiteElo "2352"]
[BlackElo "2416"]
[PlyCount "21"]
[EventDate "2018.??.??"]

1. d4 Nf6 2. Nf3 e6 3. c4 d5 4. Bg5 Be7 5. e3 h6 6. Bxf6 Bxf6 7. Nc3 O-O 8. Qc2
a6 9. h4 g6 10. O-O-O Nc6 11. h5 1/2-1/2

[Event "27. ekipno prvenstvo RH"]
[Site "Biograd na Moru"]
[Date "2018.09.13"]
[Round "6.55"]
[White "Zovko, Mario"]
[Black "Brnas, Augustin"]
[Result "1/2-1/2"]
[WhiteElo "2328"]
[BlackElo "2190"]
[PlyCount "94"]
[EventDate "2018.??.??"]

1. e4 e5 2. Nf3 Nc6 3. Nc3 Nf6 4. Bb5 Bb4 5. O-O O-O 6. d3 d6 7. Ne2 Ne7 8. c3
Ba5 9. Ng3 Ng6 10. Re1 c6 11. Ba4 Bb6 12. h3 Be6 13. d4 Qc7 14. Bg5 Ne8 15. Bc2
f6 16. Be3 Qf7 17. Bb3 Nc7 18. Nf5 Rad8 19. Qc2 Ne7 20. N3h4 Kh8 21. Nxe7 Qxe7
22. a4 Qf7 23. Bxe6 Nxe6 24. Nf3 exd4 25. cxd4 d5 26. e5 f5 27. a5 Bc7 28. Ng5
Nxg5 29. Bxg5 Rde8 30. a6 Re6 31. axb7 Bb6 32. Rad1 Qxb7 33. Rd3 Qf7 34. Bd2
Qe7 35. Qa4 Re8 36. Rc1 Qh4 37. f4 Rc8 38. Kh2 Qf2 39. Qb3 Rg6 40. Qxd5 Qe2 41.
Qf3 Rxg2+ 42. Qxg2 Qxd3 43. d5 Be3 44. Bxe3 Qxe3 45. Rxc6 Qxf4+ 46. Qg3 Qd2+
47. Qg2 Qf4+ 1/2-1/2

[Event "27. ekipno prvenstvo RH"]
[Site "Biograd na Moru"]
[Date "2018.09.13"]
[Round "6.56"]
[White "Ivankovic, Ivo"]
[Black "Cosic, Marin"]
[Result "1/2-1/2"]
[WhiteElo "2110"]
[BlackElo "2227"]
[PlyCount "62"]
[EventDate "2018.??.??"]

1. c4 c6 2. d4 d5 3. cxd5 cxd5 4. Nf3 Nf6 5. Bf4 Nc6 6. e3 e6 7. Nbd2 Be7 8.
Bd3 Bd7 9. Rc1 Qb6 10. Qb3 Qxb3 11. Nxb3 Nh5 12. Be5 f6 13. Bc7 Rc8 14. Bg3 O-O
15. O-O Nxg3 16. hxg3 Nb4 17. Bb1 Bb5 18. Rxc8 Rxc8 19. Rc1 Rxc1+ 20. Nxc1 g6
21. a3 Nc6 22. Bd3 Ba4 23. Ne2 Na5 24. Nc3 Bd7 25. Nd2 Kf7 26. b4 Nc6 27. Nb3
b6 28. Kf1 Ke8 29. Ke1 Nd8 30. Nb5 Nc6 31. Nc3 Bd6 1/2-1/2

[Event "27. ekipno prvenstvo RH"]
[Site "Biograd na Moru"]
[Date "2018.09.14"]
[Round "7.11"]
[White "Abasov, Nijat"]
[Black "Ponkratov, Pavel"]
[Result "1/2-1/2"]
[WhiteElo "2632"]
[BlackElo "2622"]
[PlyCount "174"]
[EventDate "2018.??.??"]

1. d4 Nf6 2. Nf3 g6 3. c4 Bg7 4. Nc3 d5 5. e3 O-O 6. Bd2 e6 7. Be2 b6 8. O-O c5
9. cxd5 exd5 10. Rc1 Nbd7 11. dxc5 bxc5 12. Qa4 Bb7 13. Rfd1 Re8 14. Be1 Re6
15. b4 d4 16. exd4 Nb6 17. Qb5 cxb4 18. d5 Nfxd5 19. Nxd5 Bxd5 20. Bxb4 a6 21.
Qd3 Qe8 22. Bf1 Bxa2 23. Bc5 Bh6 24. Nd4 Rf6 25. Rc2 Nd7 26. Ba3 Bd5 27. Re2
Qc8 28. Qh3 Bf8 29. Rc2 Qb7 30. Bb2 Rb6 31. Ba1 Nf6 32. Rdc1 Rb1 33. Nf5 Rxa1
34. Rxa1 Be4 35. Nh6+ Bxh6 36. Rca2 Bg7 37. Rxa6 Re8 38. Re1 h5 39. Qa3 Rd8 40.
Ra7 Qb6 41. Qe7 Rf8 42. Ra6 Qb7 43. Qxb7 Bxb7 44. Rb6 Bd5 45. Rd1 Be6 46. Rbd6
Kh7 47. Rd8 Rxd8 48. Rxd8 Ne4 49. Bd3 Bf6 50. Ra8 Nc5 51. Bc2 Kg7 52. Ra5 Bd4
53. Ra8 Kf6 54. Rd8 Ke5 55. Kf1 Bc4+ 56. Ke1 Ne6 57. Rc8 Ba6 58. Ra8 Bb7 59.
Ra5+ Kf6 60. Kf1 Bb6 61. Ra3 Bc5 62. Ra5 Bd5 63. Bb1 Bc6 64. Kg1 Bd4 65. Ba2
Nc5 66. Ra7 Bd7 67. Bc4 g5 68. h3 Kg6 69. Kf1 f5 70. Ke2 Kf6 71. Ra8 Ke7 72.
Rg8 Ne4 73. f3 Nd6 74. Bd3 Bf6 75. Ra8 Bd4 76. Ra5 Ke6 77. g4 Kf6 78. gxh5 Be6
79. Ra4 Be5 80. Ra7 Nf7 81. Kf1 Bd6 82. Kg2 Bf8 83. Ra8 Kg7 84. Ra6 Nd6 85. Ra8
Bc8 86. h6+ Kxh6 87. Bxf5 Nxf5 1/2-1/2

[Event "27. ekipno prvenstvo RH"]
[Site "Biograd na Moru"]
[Date "2018.09.14"]
[Round "7.12"]
[White "Predke, Alexandr"]
[Black "Bogut, Zeljko"]
[Result "1/2-1/2"]
[WhiteElo "2612"]
[BlackElo "2415"]
[PlyCount "148"]
[EventDate "2018.??.??"]
[WhiteTeam "GŠK Solin-Cemex, Solin"]
[BlackTeam "ŠK Dubrovnik, Dubrovnik"]

1. Nf3 Nf6 2. g3 d5 3. Bg2 g6 4. d4 Bg7 5. c4 c6 6. cxd5 cxd5 7. Nc3 Nc6 8. Ne5
O-O 9. Nxc6 bxc6 10. O-O e6 11. Na4 Nd7 12. Bf4 Ba6 13. Re1 Bb5 14. Bd6 Bxa4
15. Qxa4 Nb6 16. Qb4 a5 17. Qc5 Re8 18. Bf4 Nc4 19. b3 Ra6 20. bxc4 Bf8 21.
Qxf8+ Rxf8 22. c5 a4 23. a3 Qa5 24. e3 Ra7 25. Reb1 f6 26. Bd6 Rd8 27. Rb4 Rxd6
28. cxd6 Qd8 29. Rc1 Qxd6 30. Rc5 Qc7 31. Bf1 Qd7 32. Rb6 Rc7 33. Ra6 e5 34.
Rxa4 exd4 35. exd4 Qg4 36. Rc1 Kg7 37. Ra6 Qxd4 38. Raxc6 Rxc6 39. Rxc6 Qa4 40.
Rc7+ Kh6 41. Rc3 d4 42. Rf3 f5 43. h4 Kg7 44. Rd3 Kf6 45. Be2 Ke5 46. f4+ Ke4
47. Kf2 Qc2 48. Ke1 Qc1+ 49. Kf2 Qc5 50. Ke1 Qb6 51. Kd2 Qa5+ 52. Kd1 Kd5 53.
Bf3+ Kc5 54. Be2 Qa8 55. Rf3 Qe4 56. Kd2 Qb1 57. Rd3 Qa1 58. Rf3 h5 59. Rd3 Qb1
60. Rf3 Qb2+ 61. Kd1 Kd5 62. Rd3 Ke4 63. Rf3 Kd5 64. Rd3 Kc5 65. Rf3 Qb1+ 66.
Kd2 Qg1 67. Bd1 Qg2+ 68. Be2 Qh2 69. Ke1 Qg1+ 70. Kd2 Kd5 71. Rb3 Kc5 72. Rb5+
Kc6 73. Rb3 Kc5 74. Rb5+ Kc6 1/2-1/2

[Event "27. ekipno prvenstvo RH"]
[Site "Biograd na Moru"]
[Date "2018.09.14"]
[Round "7.13"]
[White "Galic, Ivan"]
[Black "Martinovic, Sasa"]
[Result "1/2-1/2"]
[WhiteElo "2416"]
[BlackElo "2567"]
[PlyCount "119"]
[EventDate "2018.??.??"]

1. c4 e6 2. Nc3 d5 3. d4 Nf6 4. cxd5 exd5 5. Bg5 c6 6. Qc2 Be6 7. e3 Nbd7 8.
Bd3 h6 9. Bh4 g5 10. Bg3 Nh5 11. Nge2 Nxg3 12. Nxg3 h5 13. O-O-O h4 14. Nf5 g4
15. h3 gxh3 16. Rxh3 Qf6 17. Rdh1 Rg8 18. Rf3 Qg5 19. g3 h3 20. g4 Rh8 21. Rg3
O-O-O 22. f4 Qg8 23. g5 Kb8 24. Rgxh3 Rxh3 25. Rxh3 f6 26. Rg3 fxg5 27. Rxg5
Qh8 28. Qg2 Nf6 29. Kb1 Rd7 30. Rg6 Bf7 31. Rg3 Be6 32. Rh3 Rh7 33. Rxh7 Qxh7
34. Qg5 Be7 35. Kc2 Bxf5 36. Qxf5 Qxf5 37. Bxf5 Kc7 38. Ne2 b6 39. Kd3 c5 40.
b3 Kc6 41. Bh3 Bf8 42. Bg2 Be7 43. Bf3 Bf8 44. Nc3 Bd6 45. dxc5 Bxc5 46. Ne2 a6
47. Nd4+ Kd6 48. Ke2 Ba3 49. Nc2 Bc1 50. Nb4 a5 51. Nd3 Ba3 52. Bg2 Ke6 53.
Bh3+ Kd6 54. Bf5 Ng8 55. Kf3 Ne7 56. Bh7 Nc6 57. e4 dxe4+ 58. Bxe4 Nb4 59. Ne5
b5 60. Bd3 1/2-1/2

[Event "27. ekipno prvenstvo RH"]
[Site "Biograd na Moru"]
[Date "2018.09.14"]
[Round "7.14"]
[White "Cvitan, Ognjen"]
[Black "Bender, Ivan"]
[Result "1-0"]
[WhiteElo "2489"]
[BlackElo "2261"]
[PlyCount "79"]
[EventDate "2018.??.??"]
[WhiteTeam "GŠK Solin-Cemex, Solin"]
[BlackTeam "ŠK Dubrovnik, Dubrovnik"]

1. Nf3 Nf6 2. c4 g6 3. Nc3 d5 4. cxd5 Nxd5 5. g3 Bg7 6. Bg2 O-O 7. O-O e5 8. d3
Nxc3 9. bxc3 e4 10. dxe4 Bxc3 11. Rb1 Qxd1 12. Rxd1 Na6 13. Bf4 Re8 14. e5 Rb8
15. Nd4 Bxd4 16. Rxd4 Nc5 17. Rc4 Ne6 18. Ra4 Rd8 19. Be3 b5 20. Bxa7 bxa4 21.
Rxb8 Ba6 22. Rxd8+ Nxd8 23. Kf1 Bc4 24. a3 Ne6 25. Bc6 Bb3 26. Ke1 Nd8 27. Bd7
c6 28. Kd2 Be6 29. Bxe6 Nxe6 30. Kc3 Kf8 31. Kb4 Ke7 32. Kxa4 Kd7 33. Kb4 Kc7
34. f4 Kb7 35. Bc5 Kc7 36. e4 Kd7 37. Be3 Kc7 38. a4 Kd7 39. a5 Nc7 40. Kc5 1-0

[Event "27. ekipno prvenstvo RH"]
[Site "Biograd na Moru"]
[Date "2018.09.14"]
[Round "7.15"]
[White "Brnas, Augustin"]
[Black "Kurajica, Bojan"]
[Result "0-1"]
[WhiteElo "2190"]
[BlackElo "2526"]
[PlyCount "84"]
[EventDate "2018.??.??"]

1. e4 c5 2. Nf3 Nc6 3. d4 cxd4 4. Nxd4 Qc7 5. Nc3 e6 6. Be3 a6 7. Be2 Nf6 8.
O-O Be7 9. f4 O-O 10. e5 Ne8 11. Ne4 f6 12. Nxc6 bxc6 13. Bd4 c5 14. Bc3 Bb7
15. Bf3 Bc6 16. Qd2 fxe5 17. fxe5 Qb7 18. Rae1 Rb8 19. Qe3 c4 20. Nd2 Nc7 21.
Nxc4 Bxf3 22. Rxf3 Nd5 23. Qd3 Rxf3 24. gxf3 Nxc3 25. bxc3 Qc6 26. Kg2 Bc5 27.
Rd1 Rf8 28. Na5 Qc7 29. Nc4 Ba7 30. Nd6 h6 31. Qxa6 Qxc3 32. Qe2 Qc6 33. c4 Rf4
34. Kg3 Rf8 35. Qe4 Qc5 36. Qe2 Bb6 37. Nb7 Qe7 38. h4 Rf4 39. Rh1 Rd4 40. Qb2
Qf8 41. Qc1 Rd3 42. Rf1 Be3 0-1

[Event "27. ekipno prvenstvo RH"]
[Site "Biograd na Moru"]
[Date "2018.09.14"]
[Round "7.16"]
[White "Rogic, Davor"]
[Black "Ivankovic, Ivo"]
[Result "1/2-1/2"]
[WhiteElo "2519"]
[BlackElo "2110"]
[PlyCount "150"]
[EventDate "2018.??.??"]
[WhiteTeam "GŠK Solin-Cemex, Solin"]
[BlackTeam "ŠK Dubrovnik, Dubrovnik"]

1. e4 e6 2. d4 d5 3. Nd2 dxe4 4. Nxe4 Bd7 5. Nf3 Bc6 6. Bd3 Nd7 7. O-O Ngf6 8.
Ng3 Be7 9. c4 Bxf3 10. Qxf3 c6 11. b3 O-O 12. Bb2 a5 13. Bc2 Qb6 14. Rab1 Rfe8
15. Rfe1 Nf8 16. h4 Rad8 17. Rbd1 a4 18. h5 axb3 19. axb3 h6 20. Bc3 Ra8 21.
Re2 N8h7 22. Qd3 Nf8 23. Rde1 Qc7 24. Re3 Bd6 25. Qe2 Bf4 26. Rf3 Bg5 27. Rd3
Qf4 28. Nf1 Qg4 29. Rf3 Qxh5 30. Qd3 Ng6 31. Bd1 Qh4 32. g3 Qh3 33. Nh2 Ra2 34.
Rxf6 Nh4 35. Qf1 Qxf1+ 36. Kxf1 Bxf6 37. gxh4 Bxh4 38. Re2 Rea8 39. Bb2 Be7 40.
Nf3 Ba3 41. Bc3 Rxe2 42. Bxe2 Bd6 43. Nd2 Be7 44. Bf3 Rd8 45. b4 Bf6 46. Nb3 g6
47. Nc5 Ra8 48. Ke2 Ra7 49. Kd3 Be7 50. Nb3 Ra3 51. Bd1 h5 52. c5 g5 53. Na5 g4
54. Nxb7 f5 55. b5 cxb5 56. Kc2 Ra8 57. Be2 b4 58. Bxb4 Rb8 59. Ba6 h4 60. Bd2
g3 61. fxg3 h3 62. Bf1 Rxb7 63. Bxh3 Ra7 64. Bf4 Bd8 65. Kd3 Bc7 66. Bxc7 Rxc7
67. Kc4 Rh7 68. c6 Kf8 69. Kc5 Ke7 70. Bf1 Rh1 71. Bc4 Rc1 72. d5 exd5 73. Kxd5
Kd8 74. Bd3 Rd1 75. Kc4 Rc1+ 1/2-1/2

[Event "27. ekipno prvenstvo RH"]
[Site "Biograd na Moru"]
[Date "2018.09.14"]
[Round "7.21"]
[White "Inarkiev, Ernesto"]
[Black "Braun, Arik"]
[Result "1/2-1/2"]
[WhiteElo "2679"]
[BlackElo "2581"]
[PlyCount "108"]
[EventDate "2018.??.??"]

1. e4 c6 2. d4 d5 3. e5 Bf5 4. h4 Qb6 5. a4 h5 6. a5 Qc7 7. Bd3 Bxd3 8. Qxd3 e6
9. Nf3 Ne7 10. b4 Nf5 11. c3 Nd7 12. Bf4 Rc8 13. Nbd2 b6 14. O-O Be7 15. g3 O-O
16. Rfc1 g6 17. Kh2 Qb8 18. Rcb1 Qc7 19. c4 dxc4 20. Nxc4 Rb8 21. Ne3 Nxe3 22.
Qxe3 bxa5 23. bxa5 Rxb1 24. Rxb1 Rb8 25. Rxb8+ Qxb8 26. Bg5 Bf8 27. Bh6 Be7 28.
Bg5 Bf8 29. Qe4 Qb5 30. Bd2 c5 31. Be3 cxd4 32. Bxd4 Bc5 33. Qa8+ Nf8 34. Qd8
Bxd4 35. Nxd4 Qxe5 36. Kg2 Kg7 37. Nf3 Qc5 38. a6 e5 39. Qb8 Nd7 40. Qb7 Nf6
41. Ng5 Qd5+ 42. Kf1 Qxb7 43. axb7 Nd7 44. Ke2 Kf6 45. Kd2 Ke7 46. Kc3 f6 47.
Ne4 f5 48. Nc5 Nb8 49. Kc4 Kd6 50. Nd3 a6 51. f3 Nc6 52. Nc5 Nb8 53. Nd3 Nc6
54. Nc5 Nb8 1/2-1/2

[Event "27. ekipno prvenstvo RH"]
[Site "Biograd na Moru"]
[Date "2018.09.14"]
[Round "7.22"]
[White "Georgiev, Kiril"]
[Black "Romanov, Evgeny"]
[Result "1/2-1/2"]
[WhiteElo "2590"]
[BlackElo "2611"]
[PlyCount "78"]
[EventDate "2018.??.??"]
[WhiteTeam "ŠK Vukovar '91, Vukovar"]
[BlackTeam "ŠK Petar Sedlar - Pepe, Kaštel Novi"]

1. d4 d5 2. c4 e6 3. Nc3 Nf6 4. Bg5 Be7 5. e3 h6 6. Bh4 O-O 7. Nf3 Nbd7 8. Qc2
b6 9. cxd5 exd5 10. Be2 Bb7 11. O-O a6 12. Rfd1 Bd6 13. Rac1 Re8 14. a3 Qe7 15.
b4 Qe6 16. Bg3 Ne4 17. Nxe4 dxe4 18. Nd2 Rec8 19. d5 Qxd5 20. Bg4 f5 21. Be2 b5
22. Nc4 Qe6 23. Qd2 Bxg3 24. Qxd7 Qxd7 25. Rxd7 Bc6 26. Rd2 Bh4 27. Na5 Be8 28.
g3 Bf6 29. Nc6 h5 30. Kg2 g6 31. h3 Bf7 32. g4 hxg4 33. hxg4 Be6 34. Rc5 Kf7
35. Rdc2 Bg7 36. Na5 Ra7 37. Nc6 Raa8 38. Na5 Ra7 39. Nc6 Raa8 1/2-1/2

[Event "27. ekipno prvenstvo RH"]
[Site "Biograd na Moru"]
[Date "2018.09.14"]
[Round "7.24"]
[White "Jukic, Zdenko"]
[Black "Plenkovic, Zdenko"]
[Result "1/2-1/2"]
[WhiteElo "2319"]
[BlackElo "2418"]
[PlyCount "147"]
[EventDate "2018.??.??"]
[WhiteTeam "ŠK Vukovar '91, Vukovar"]
[BlackTeam "ŠK Petar Sedlar - Pepe, Kaštel Novi"]

1. e4 d5 2. exd5 Qxd5 3. Nf3 g6 4. Nc3 Qd6 5. Bc4 Bg7 6. Qe2 Nf6 7. h3 O-O 8.
d4 a6 9. O-O b5 10. Bd3 Nbd7 11. a4 b4 12. Ne4 Nxe4 13. Qxe4 Nb6 14. Bf4 Qd8
15. Qc6 Bd7 16. Qxc7 Nxa4 17. b3 Nc3 18. Rxa6 Rxa6 19. Bxa6 Qxc7 20. Bxc7 Bf5
21. Re1 Nd5 22. Be5 Bh6 23. Bc4 Rd8 24. Bxd5 Rxd5 25. Re2 f6 26. Bc7 Kf7 27.
Bb6 Rd6 28. Bc5 Re6 29. Rxe6 Kxe6 30. d5+ Kxd5 31. Bxe7 Bxc2 32. Bxb4 Bxb3 33.
Bc3 f5 34. Bd2 Bf8 35. h4 h6 36. Be3 Bd1 37. Nd2 Be2 38. g3 Bg7 39. Kg2 Bd3 40.
Bf4 Kd4 41. Nf3+ Kd5 42. Nd2 h5 43. Be3 Be5 44. Nf1 f4 45. gxf4 Bf6 46. Ng3
Bxh4 47. f5 Bxf5 48. Nxf5 gxf5 49. Kf3 Bf6 50. Bf4 h4 51. Bc1 Be7 52. Kg2 Ke4
53. Be3 Bd8 54. Bc5 Kd3 55. Kf3 Bc7 56. Kg2 Ke2 57. Kh3 Bd8 58. Kg2 Bg5 59. Bb6
Bf6 60. Bc5 Kd3 61. Kh3 Ke4 62. Kg2 Kf4 63. Be3+ Ke4 64. Bc5 Kd3 65. Kh3 Ke2
66. Kg2 Be5 67. Kh3 Bf6 68. Kg2 Bg5 69. Bb6 Be7 70. Bd4 Bd8 71. Bc5 Bc7 72. Kh3
Bd8 73. Kg2 Ba5 74. Kh3 1/2-1/2

[Event "27. ekipno prvenstvo RH"]
[Site "Biograd na Moru"]
[Date "2018.09.14"]
[Round "7.26"]
[White "Cosic, Marin"]
[Black "Sale, Srdjan"]
[Result "0-1"]
[WhiteElo "2227"]
[BlackElo "2428"]
[PlyCount "60"]
[EventDate "2018.??.??"]
[WhiteTeam "ŠK Vukovar '91, Vukovar"]
[BlackTeam "ŠK Petar Sedlar - Pepe, Kaštel Novi"]

1. d4 g6 2. e4 Bg7 3. Nc3 d6 4. Be3 a6 5. Qd2 b5 6. a4 b4 7. Nd1 a5 8. c3 Nf6
9. f3 bxc3 10. bxc3 O-O 11. Bd3 Nbd7 12. Ne2 Ba6 13. O-O Qc8 14. Rb1 Nb6 15.
Nb2 Nfd7 16. Rfc1 c5 17. d5 Bxd3 18. Qxd3 Ne5 19. Qc2 Nbc4 20. Nxc4 Nxc4 21.
Qd3 Qa6 22. Bg5 Rfe8 23. Rb3 h6 24. Bf4 Reb8 25. Rcb1 Rxb3 26. Rxb3 Nb6 27. Qb1
Nxd5 28. exd5 Qxe2 29. Qf1 Qc2 30. Qc4 Bd4+ 0-1

[Event "27. ekipno prvenstvo RH"]
[Site "Biograd na Moru"]
[Date "2018.09.14"]
[Round "7.31"]
[White "Malakhov, Vladimir"]
[Black "Tomashevsky, Evgeny"]
[Result "1/2-1/2"]
[WhiteElo "2666"]
[BlackElo "2702"]
[PlyCount "47"]
[EventDate "2018.??.??"]

1. e4 e5 2. Nf3 Nc6 3. Bc4 Bc5 4. O-O Nf6 5. d3 d6 6. c3 a6 7. a4 O-O 8. h3 Ba7
9. Re1 Ne7 10. d4 Ng6 11. Nbd2 c6 12. b4 exd4 13. cxd4 d5 14. Bd3 dxe4 15. Nxe4
Nxe4 16. Bxe4 Be6 17. b5 Bd5 18. bxa6 bxa6 19. Qd3 Bxe4 20. Qxe4 Re8 21. Qxe8+
Qxe8 22. Rxe8+ Rxe8 23. Bd2 f6 24. Rc1 1/2-1/2

[Event "27. ekipno prvenstvo RH"]
[Site "Biograd na Moru"]
[Date "2018.09.14"]
[Round "7.32"]
[White "Saric, Ivan"]
[Black "Korobov, Anton"]
[Result "1-0"]
[WhiteElo "2689"]
[BlackElo "2685"]
[PlyCount "155"]
[EventDate "2018.??.??"]
[WhiteTeam "ŠK Liburnija, Rijeka"]
[BlackTeam "ŠK Zagreb, Zagreb"]

1. e4 c5 2. Nf3 e6 3. d4 cxd4 4. Nxd4 Nc6 5. Nc3 d6 6. Be3 Nf6 7. f3 Be7 8. Qd2
O-O 9. O-O-O d5 10. Be2 dxe4 11. Nxc6 bxc6 12. Qxd8 Bxd8 13. Nxe4 Nxe4 14. fxe4
Bb6 15. Bxb6 axb6 16. a3 Ba6 17. Bxa6 Rxa6 18. Rd6 Rc8 19. Rhd1 h5 20. Kd2 Kh7
21. Ke3 Kg6 22. Rd7 Ra5 23. Rb7 Rc5 24. c3 b5 25. Rdd7 Rf8 26. h4 Kf6 27. Kd3
g5 28. b4 Rc4 29. hxg5+ Ke5 30. a4 Rxe4 31. axb5 cxb5 32. g3 Kf5 33. Rxf7+ Rxf7
34. Rxf7+ Ke5 35. Rb7 Rg4 36. Rxb5+ Kd6 37. Rb6+ Ke5 38. Rb5+ Kd6 39. g6 Rxg3+
40. Kc4 Rg4+ 41. Kb3 e5 42. Rb8 e4 43. Kc4 Ke5 44. Re8+ Kf4 45. Kd4 Kf3 46. b5
Rxg6 47. Rf8+ Ke2 48. Kxe4 Rh6 49. Ra8 Kd2 50. c4 h4 51. c5 h3 52. c6 Rh4+ 53.
Kd5 h2 54. Ra2+ Kc3 55. Rxh2 Rxh2 56. c7 Rh5+ 57. Ke4 Rh4+ 58. Kf3 Rc4 59. b6
Kd4 60. b7 Rxc7 61. b8=Q Rc4 62. Qd6+ Kc3 63. Ke3 Kb2 64. Qe5+ Kc2 65. Qf5+ Kc3
66. Qb5 Rb4 67. Qc5+ Kb3 68. Kd3 Ka4 69. Qd5 Rb5 70. Qa2+ Kb4 71. Kd4 Rb6 72.
Qb2+ Ka5 73. Qa3+ Kb5 74. Kd5 Rh6 75. Qd3+ Ka4 76. Qd1+ Kb5 77. Qe2+ Ka4 78.
Kc5 1-0

[Event "27. ekipno prvenstvo RH"]
[Site "Biograd na Moru"]
[Date "2018.09.14"]
[Round "7.33"]
[White "Stevic, Hrvoje"]
[Black "Markus, Robert"]
[Result "1/2-1/2"]
[WhiteElo "2579"]
[BlackElo "2613"]
[PlyCount "55"]
[EventDate "2018.??.??"]

1. e4 c5 2. c3 Nf6 3. e5 Nd5 4. Nf3 e6 5. d4 cxd4 6. cxd4 d6 7. Bc4 Nc6 8. O-O
Be7 9. exd6 Qxd6 10. Nc3 O-O 11. Re1 Rd8 12. Bb3 Nf6 13. Nb5 Qd7 14. Bf4 a6 15.
Nc7 Ra7 16. Rc1 Bb4 17. Ne5 Nxe5 18. Rxe5 Kh8 19. d5 b6 20. Re2 exd5 21. Nxd5
Nxd5 22. Qxd5 Qxd5 23. Bxd5 Rad7 24. Bb3 Bb7 25. h3 h6 26. Bc7 Rc8 27. Rec2 b5
28. Bb6 1/2-1/2

[Event "27. ekipno prvenstvo RH"]
[Site "Biograd na Moru"]
[Date "2018.09.14"]
[Round "7.34"]
[White "Kuljasevic, Davorin"]
[Black "Kozul, Zdenko"]
[Result "1/2-1/2"]
[WhiteElo "2548"]
[BlackElo "2600"]
[PlyCount "134"]
[EventDate "2018.??.??"]
[WhiteTeam "ŠK Liburnija, Rijeka"]
[BlackTeam "ŠK Zagreb, Zagreb"]

1. d4 Nf6 2. c4 g6 3. Nc3 Bg7 4. e4 d6 5. Nf3 O-O 6. Be2 e5 7. O-O Nbd7 8. Be3
c6 9. d5 Ng4 10. Bg5 f6 11. dxc6 bxc6 12. Bc1 Nc5 13. b4 Ne6 14. b5 Bb7 15.
bxc6 Bxc6 16. Ba3 Nc5 17. Nd2 Nh6 18. Bxc5 dxc5 19. Nb3 Nf7 20. Qxd8 Rfxd8 21.
Nxc5 Ng5 22. h4 Bf8 23. hxg5 Bxc5 24. gxf6 Rd2 25. Rad1 Rc2 26. Rc1 Rb2 27. Bd1
Rf8 28. Rc2 Rxc2 29. Bxc2 Rxf6 30. Nd5 Rf7 31. g3 Rf3 32. Kg2 Ra3 33. Bb1 Ra4
34. Rc1 h5 35. Kf3 Kf7 36. Ke2 Bd4 37. f3 Ke6 38. Nc7+ Kd6 39. Nb5+ Kc5 40.
Nxd4 exd4 41. Rd1 Be8 42. Rd2 Rb4 43. Bd3 a5 44. f4 a4 45. e5 Bf7 46. Kd1 a3
47. Re2 Rb6 48. Kc1 Be6 49. Rf2 Bg4 50. Rd2 Bd7 51. Re2 Ra6 52. Kd2 Rb6 53. Kc1
Be6 54. Rf2 Bf5 55. Bxf5 gxf5 56. Rf3 Kxc4 57. Rxa3 d3 58. Ra5 Kc3 59. Rd5 Rg6
60. e6 Rxe6 61. Rc5+ Kd4 62. Rxf5 Re1+ 63. Kd2 Re2+ 64. Kd1 Rh2 65. Re5 Kc3 66.
Rc5+ Kd4 67. Re5 Kc3 1/2-1/2

[Event "27. ekipno prvenstvo RH"]
[Site "Biograd na Moru"]
[Date "2018.09.14"]
[Round "7.35"]
[White "Palac, Mladen"]
[Black "Jovanic, Ognjen"]
[Result "1-0"]
[WhiteElo "2540"]
[BlackElo "2512"]
[PlyCount "73"]
[EventDate "2018.??.??"]

1. e4 c5 2. Nf3 e6 3. d4 cxd4 4. Nxd4 Nc6 5. Nc3 Qc7 6. g3 a6 7. Bg2 Nf6 8. O-O
Be7 9. Be3 d6 10. Nxc6 bxc6 11. Na4 Rb8 12. c4 c5 13. Qe2 Bb7 14. Nc3 Bc6 15.
Rad1 O-O 16. f4 Qb7 17. Bc1 Rfd8 18. g4 Bf8 19. g5 Ne8 20. f5 exf5 21. exf5 Nc7
22. Bxc6 Qxc6 23. Qf3 Qxf3 24. Rxf3 f6 25. gxf6 gxf6 26. Ne4 Ne8 27. Rfd3 Rd7
28. Kf2 Rg7 29. b3 a5 30. Bf4 Ra8 31. Kf3 a4 32. Nxd6 Nxd6 33. Bxd6 axb3 34.
axb3 Rg5 35. Bf4 Rg7 36. Rd8 Ra3 37. Rb8 1-0